5. mezinárodní kolokvium o cestovním ruchu sborník příspěvků : Pavlov, 11. - 12. září 2014

Guardado en:
Detalles Bibliográficos
Autores Corporativos: Mezinárodní kolokvium o cestovním ruchu, Ekonomicko-správní fakulta Masarykovy university. Katedra regionální ekonomie a správy, Společnost vědeckých expertů cestovního ruchu (SVECR), z.s
Otros Autores: Holešinská, Andrea
Formato: Libro
Lenguaje:checo
Publicado: Brno Masarykova univerzita 2014
Edición:1. vydání
Materias:
Etiquetas: Agregar Etiqueta
Sin Etiquetas, Sea el primero en etiquetar este registro!

MARC

LEADER 00000nlm a2200000 4500
001 0240601
005 20220830092211.6
020 |a 978-80-210-7585-6 
041 0 |a cze 
044 |a CZ 
245 1 0 |a 5. mezinárodní kolokvium o cestovním ruchu  |b sborník příspěvků : Pavlov, 11. - 12. září 2014  |c editorka: Andrea Holešinská 
250 |a 1. vydání 
264 1 |a Brno  |b Masarykova univerzita  |c 2014 
300 |a CD-ROM [115 s.] 
610 2 0 |a ruch cestovný 
610 2 0 |a marketing destinačný 
610 2 0 |a manažment destinačný 
610 2 0 |a rozvoj trvalo udržateľný 
700 1 |a Holešinská, Andrea 
110 2 |a Mezinárodní kolokvium o cestovním ruchu 
710 2 |a Ekonomicko-správní fakulta Masarykovy university. Katedra regionální ekonomie a správy 
710 2 |a Společnost vědeckých expertů cestovního ruchu (SVECR), z.s.